[Event "TCh-BUL GpA Men"]
[Site "Albena BUL"]
[Date "2011.06.05"]
[Round "4.2"]
[White "Shukin,E"]
[Black "Mrdja,M"]
[Result "0-1"]
[WhiteElo "2236"]
[BlackElo "2385"]

1.Nf3 d5 2.d4 c6 3.c4 Nf6 4.Nc3 e6 5.e3 Nbd7 6.Bd3 dxc4 7.Bxc4 b5 8.Bd3 a6
9.Ne4 Bb7 10.O-O Rc8 11.a4 Be7 12.Qe2 Nb6 13.b3 Nxe4 14.Bxe4 Nd5 15.Bd2 O-O
16.Bxd5 Qxd5 17.e4 Qd7 18.b4 Rfd8 19.Bc3 f6 20.Rfe1 Kh8 21.Nd2 a5 22.bxa5 b4
23.Bb2 c5 24.a6 Bc6 25.Nc4 Qa7 26.dxc5 Bxc5 27.e5 Bd5 28.Ne3 f5 29.Rad1 Bxe3
30.fxe3 Ra8 31.Bd4 Qxa6 32.Qxa6 Rxa6 33.a5 Rc8 34.Rc1 Rac6 35.Rxc6 Rxc6 36.Rb1 b3
37.Rb2 Kg8 38.Kf2 Kf7 39.Ke2 Ke8 40.Kd2 Kd7 41.g3 Kc8 42.Bc3 Kb7 43.Rb1 Ka6
44.Rc1 Be4 45.Ra1 b2  0-1

[Event "TCh-SLO"]
[Site "Lasko SLO"]
[Date "2011.06.10"]
[Round "7"]
[White "Sakelsek,T"]
[Black "Starcic,T"]
[Result "1-0"]
[WhiteElo "2413"]
[BlackElo "2106"]

1.c4 c6 2.d4 d5 3.Nc3 Nf6 4.Nf3 e6 5.e3 Nbd7 6.Qc2 Bd6 7.b3 O-O 8.Be2 Re8
9.O-O Qe7 10.Bb2 b6 11.Rfe1 Bb7 12.Rad1 Rad8 13.Bf1 c5 14.cxd5 exd5 15.g3 a6
16.Bg2 Bb8 17.Nh4 Qe6 18.Qb1 Ne4 19.dxc5 bxc5 20.Qa1 g5 21.Nf3 h6 22.Nxe4 dxe4
23.Nd2 f6 24.Nc4 Kf7 25.Bf1 Kg6 26.Rd2 Ne5 27.Bxe5 Bxe5 28.Nxe5+ Qxe5 29.Qxe5 fxe5
30.Red1 Rxd2 31.Rxd2 Kf6 32.Rd7 Re7 33.Rd8 a5 34.Bc4 h5 35.Kg2 Kg6 36.h3 h4
37.Rd6+ Kg7 38.Rb6 Kh7 39.Rb5 a4 40.Rxc5 axb3 41.axb3 Kg7 42.Ra5 Kf6 43.Ra7 Rd7
44.g4 Re7 45.Kf1 Rd7 46.Ke1 Re7 47.b4 Rd7 48.Ba6 Bc6 49.Rxd7 Bxd7 50.Bb7 Ke6
51.Bxe4 Kd6 52.Ke2 Bb5+ 53.Bd3 Bc6 54.f3 Bb7 55.Be4 Ba6+ 56.Kf2 Bb5 57.Bc2 Kd5
58.Bd1 Ba6 59.Be2 Bc8 60.b5 Kd6 61.Bf1 Kc5 62.f4 gxf4 63.exf4 Kd6 64.fxe5+ Kxe5
65.Bg2 Kd6 66.b6 Ba6 67.Ke3 Bc4 68.Kf4 Ba6 69.Kg5 Kd7 70.Kxh4  1-0

[Event "Lviv Open Championship"]
[Site "Lviv UKR"]
[Date "2011.06.10"]
[Round "2.4"]
[White "Polulikh,Bogdan"]
[Black "Leshchyshak,I"]
[Result "1-0"]
[WhiteElo "1848"]
[BlackElo "2137"]

1.d4 d5 2.c4 c6 3.Nc3 Nf6 4.Nf3 e6 5.e3 Be7 6.Bd3 dxc4 7.Bxc4 b5 8.Bb3 Bb7
9.O-O O-O 10.a3 a6 11.Qe2 Nbd7 12.Rd1 Qc7 13.Bd2 c5 14.Be1 Ng4 15.d5 c4 16.Bc2 exd5
17.Nxd5 Bxd5 18.Rxd5 Ngf6 19.Rdd1 Nc5 20.Nd4 Rfd8 21.a4 Qb7 22.axb5 axb5
23.Qf3 Qxf3 24.gxf3 Rxa1 25.Rxa1 g6 26.Bc3 Nd5 27.Nc6 Re8 28.Nxe7+ Nxe7 29.Ra5 Rb8
30.Be5 Nc6 31.Bxb8 Nxa5 32.Bd6 Nab7 33.Be5 f5 34.Kf1 Kf7 35.Ke2 Ke6 36.Bd4 b4
37.e4 b3 38.exf5+ gxf5 39.Bb1 h5 40.Ke3 Na4 41.Kf4 Nd6 42.Kg5 Kd5 43.Bg7 Nc5
44.Kxh5 Nd3 45.Kg6 Nf4+ 46.Kg5 Ne6+ 47.Kh6 Nb5 48.Bxf5 Nxg7 49.Kxg7 c3 50.bxc3 Nxc3
51.h4 Ke5 52.Bg6 Kd4 53.h5 b2 54.h6 Nd5 55.h7 Nf4 56.h8=Q Nxg6 57.Kxg6+  1-0

[Event "TCh-BIH 2011"]
[Site "Neum BIH"]
[Date "2011.06.10"]
[Round "7.1"]
[White "Trkulja,G"]
[Black "Jakovljevic,Vlado"]
[Result "1-0"]
[WhiteElo "2379"]
[BlackElo "2390"]

1.d4 d5 2.c4 c6 3.Nf3 Nf6 4.Nc3 e6 5.e3 a6 6.c5 Nbd7 7.Bd3 b6 8.cxb6 Qxb6
9.O-O c5 10.Na4 Qa7 11.dxc5 Nxc5 12.Nxc5 Bxc5 13.b4 Bd6 14.Bb2 Qe7 15.Ne5 Bd7
16.Nxd7 Qxd7 17.a3 Be7 18.Qe2 Qb7 19.Rfc1 O-O 20.Rc2 Rfc8 21.Rxc8+ Qxc8 22.Rc1 Qb7
23.Qc2 Kf8 24.Qc6 Qxc6 25.Rxc6 a5 26.b5 Bd8 27.Kf1 Nd7 28.e4 dxe4 29.Bxe4 Rb8
30.a4 Bf6 31.Ba3+ Be7 32.Bxe7+ Kxe7 33.Rc7 Kd6 34.Ra7 Nc5 35.Bc2 Nb7 36.Bd1 Kc5
37.Bf3 Nd6 38.Rxa5 e5 39.Bc6 Rd8 40.Ra7 h5 41.Re7 f6 42.Rxg7 Nf5 43.Rd7 Rb8
44.Rf7 Nd4 45.Rxf6 Kb4 46.Rh6 Kc3 47.Rxh5 Kd2 48.Rxe5 Nxc6 49.Rd5+  1-0

[Event "35th Open"]
[Site "Fourmies FRA"]
[Date "2011.06.11"]
[Round "2.13"]
[White "Karim,I"]
[Black "Iasman,I"]
[Result "1-0"]
[WhiteElo "2389"]
[BlackElo "1998"]

1.d4 d5 2.c4 c6 3.Nc3 Nf6 4.e3 e6 5.Nf3 Nbd7 6.Qc2 Bd6 7.Be2 O-O 8.O-O dxc4
9.Bxc4 e5 10.Bb3 Qe7 11.Bd2 h6 12.Nh4 Nb6 13.Ng6 Qc7 14.Nxf8 Kxf8 15.dxe5 Bxe5
16.f4 Bxc3 17.Bxc3 Nbd5 18.Bxf6 Nxf6 19.e4 Qb6+ 20.Kh1 Ng4 21.Qe2 Qc5 22.h3 Qh5
23.f5  1-0

[Event "TCh-SLO"]
[Site "Lasko SLO"]
[Date "2011.06.11"]
[Round "8"]
[White "Ribli,Z"]
[Black "Brumen,D"]
[Result "1-0"]
[WhiteElo "2587"]
[BlackElo "2355"]

1.Nf3 Nf6 2.c4 e6 3.d4 d5 4.Nc3 c6 5.e3 Nbd7 6.Qc2 Bd6 7.Bd3 O-O 8.O-O Qe7
9.c5 Bc7 10.e4 dxe4 11.Nxe4 Nxe4 12.Bxe4 h6 13.Re1 Nf6 14.Bd2 Nxe4 15.Qxe4 b6
16.Rac1 Bb7 17.Bf4 Bxf4 18.Qxf4 Rfd8 19.Re5 f6 20.Re3 bxc5 21.Rxc5 Rd5 22.b4 a5
23.Rxd5 cxd5 24.b5 Rc8 25.h3 a4 26.Re1 Rc4 27.Qb8+ Kh7 28.Qf4 e5 29.Qg3 e4
30.Nh4 Bc8 31.Qg6+ Kg8 32.Nf5 Bxf5 33.Qxf5 Qb7 34.Qe6+ Kh7 35.Rb1 Rxd4 36.Rc1 Rc4
37.Rxc4 dxc4 38.Qxc4 a3 39.Qc5 Qd7 40.b6 Qd1+ 41.Kh2 Qd2 42.b7 Qf4+ 43.g3 Qb8
44.Qf5+  1-0

[Event "Lviv Open Championship"]
[Site "Lviv UKR"]
[Date "2011.06.11"]
[Round "3.3"]
[White "Polulikh,Bogdan"]
[Black "Liubarsky,Petro"]
[Result "1/2-1/2"]
[WhiteElo "1848"]
[BlackElo "2120"]

1.d4 d5 2.c4 c6 3.Nc3 Nf6 4.Nf3 e6 5.e3 Nbd7 6.Bd3 dxc4 7.Bxc4 b5 8.Bb3 b4
9.Ne2 Bb7 10.O-O c5 11.Ng3 Bd6 12.Qe2 O-O 13.Rd1 Qe7 14.Bd2 Ne4 15.Be1 Rfd8
16.Rac1 a5 17.Bc2 Ba6 18.Bd3 Nxg3 19.hxg3 Bxd3 20.Qxd3 cxd4 21.Nxd4 Nc5 22.Qe2 Qb7
23.Qf3 Qxf3 24.gxf3 Rac8 25.a3 bxa3 26.bxa3  1/2-1/2

[Event "Teplice Open"]
[Site "Teplice CZE"]
[Date "2011.06.11"]
[Round "1"]
[White "Kochert,B"]
[Black "Kozak,Mi"]
[Result "0-1"]
[WhiteElo "1750"]
[BlackElo "2211"]

1.d4 d5 2.c4 c6 3.Nc3 e6 4.Nf3 Nf6 5.e3 Nbd7 6.Bd3 dxc4 7.Bxc4 b5 8.Bd3 Bd6
9.O-O O-O 10.Ne4 Nxe4 11.Bxe4 Bb7 12.Qc2 a6 13.Bd2 Qe7 14.Rac1 Rac8 15.Ba5 f5
16.Bd3 c5 17.Bxb5 Bxf3 18.Bxd7 Qg5 19.Bxe6+ Kh8 20.g3 Qg4  0-1

[Event "20th ICSC TCh-EUR Club"]
[Site "Liverpool ENG"]
[Date "2011.06.12"]
[Round "7"]
[White "Pasquotto,M"]
[Black "Kreuzer,C"]
[Result "0-1"]
[WhiteElo "1920"]
[BlackElo "1929"]

1.d4 Nf6 2.c4 e6 3.Nf3 d5 4.Nc3 c6 5.e3 Nbd7 6.Bd3 Bd6 7.O-O O-O 8.b3 e5
9.dxe5 Nxe5 10.Nxe5 Bxe5 11.Bb2 Ng4 12.g3 Qf6 13.Qd2 dxc4 14.bxc4 Rd8 15.f4 Bxc3
16.Bxc3 Qh6 17.h4 Bf5  0-1

[Event "DJEM U16"]
[Site "Oberhof GER"]
[Date "2011.06.12"]
[Round "1.3"]
[White "Carow,J"]
[Black "Titgemeyer,S"]
[Result "1-0"]
[WhiteElo "2171"]
[BlackElo "2028"]

1.d4 d5 2.c4 c6 3.e3 e6 4.Nf3 Nf6 5.Nc3 Bd6 6.g4 h6 7.Bd2 dxc4 8.e4 Be7 9.e5 Nd5
10.Bxc4 b5 11.Be2 Bb7 12.Ne4 Nd7 13.g5 h5 14.g6 fxg6 15.Rg1 Nf8 16.Bg5 Qa5+
17.Kf1 Qb6 18.Bxe7 Nxe7 19.Nd6+ Kd7 20.Ng5 Nf5 21.Nge4 Kc7 22.Rc1 a6 23.d5 exd5
24.Nxf5 gxf5 25.Rxg7+ Kb8 26.Nc5 Bc8 27.Qd4 Ra7 28.e6 Rh7 29.Qe5+ Rc7 30.Rxh7  1-0

[Event "35th Open"]
[Site "Fourmies FRA"]
[Date "2011.06.13"]
[Round "6.9"]
[White "Karim,I"]
[Black "Rott,G"]
[Result "1-0"]
[WhiteElo "2389"]
[BlackElo "2216"]

1.d4 d5 2.c4 c6 3.Nc3 Nf6 4.e3 e6 5.Nf3 Nbd7 6.Qc2 Be7 7.Be2 O-O 8.O-O b6
9.Rd1 Bb7 10.e4 dxe4 11.Nxe4 Qc7 12.Nxf6+ Nxf6 13.c5 bxc5 14.dxc5 Qa5 15.b4 Qc7
16.Bb2 a5 17.Be5 Qc8 18.Ng5 g6 19.Ne4 Nxe4 20.Qxe4 axb4 21.Qxb4 Rd8 22.Rxd8+ Bxd8
23.Bb2 Ba6 24.Qc3 f6 25.Bg4 Qd7 26.Re1 Qd3 27.Bxe6+ Kf8 28.Qc1 Kg7 29.Rd1 Qe2
30.Rd7+ Kf8 31.Bb3 Be7 32.Bxf6  1-0

[Event "ODEM U25-A"]
[Site "Oberhof GER"]
[Date "2011.06.13"]
[Round "3.31"]
[White "Muench,M"]
[Black "Leyrer,Thomas"]
[Result "1/2-1/2"]
[WhiteElo "1839"]
[BlackElo "1609"]

1.d4 d5 2.c4 e6 3.Nc3 c6 4.e3 Nf6 5.Nf3 Nbd7 6.Qc2 dxc4 7.Bxc4 b5 8.Bd3 Bb7
9.Bd2 a6 10.Ne4 Rc8 11.b4 Nxe4 12.Bxe4 Nf6 13.Bd3 h6 14.a3 Bd6 15.O-O O-O
16.e4 Bb8 17.h3 Re8 18.Bc3 Nh5 19.Qb2 Re7 20.Rad1 Rd7 21.Bc2 Nf6 22.Nd2 Ba7
23.Nb3 Bb6 24.Nc5 Bxc5 25.dxc5 Rxd1 26.Rxd1 Qe7 27.Bxf6 gxf6 28.Qd4 Rc7 29.Qd8+ Kg7
30.Qxe7 Rxe7 31.Kf1 e5 32.Rd6 Rc7 33.Ke2 Bc8 34.Bb3 f5 35.Ke3 f4+ 36.Kf3 h5
37.Ke2 h4 38.Kf3 Rd7 39.Rxd7 Bxd7 40.Ke2 f5 41.Bc2 Kf6 42.f3  1/2-1/2

[Event "Voronezh FIDE Open"]
[Site "Voronezh RUS"]
[Date "2011.06.13"]
[Round "2.27"]
[White "Aseeva,A"]
[Black "Matveenko,Y"]
[Result "1/2-1/2"]
[WhiteElo "1909"]
[BlackElo "2151"]

1.d4 d5 2.c4 c6 3.Nc3 Nf6 4.Nf3 e6 5.e3 dxc4 6.Bxc4 b5 7.Bd3 a6 8.O-O Bb7
9.Qe2 c5 10.Rd1 Nbd7 11.a3 c4 12.Bc2 Be7 13.e4 O-O 14.d5 exd5 15.e5 Ne8 16.Nxd5 Bxd5
17.Rxd5 Nc7 18.Qe4 g6 19.Rd1 Qc8 20.Ng5 Ne6 21.Nxe6 fxe6 22.Bh6 Re8 23.Qf4 Bf8
24.Bxf8 Nxf8 25.Rd4 Qc7 26.Rad1 Rad8 27.Rd6 Rd7 28.Rxa6 Rxd1+ 29.Bxd1 Rd8  1/2-1/2

[Event "1st Forni Open"]
[Site "Forni di Sopra ITA"]
[Date "2011.06.14"]
[Round "3"]
[White "Meszaros,Mi"]
[Black "Gurevich,M"]
[Result "0-1"]
[WhiteElo "2414"]
[BlackElo "2617"]

1.d4 Nf6 2.Nf3 e6 3.c4 d5 4.Nc3 c6 5.e3 a6 6.b3 Bb4 7.Bd2 Nbd7 8.Bd3 O-O
9.O-O Bd6 10.Rc1 e5 11.cxd5 cxd5 12.dxe5 Nxe5 13.Nxe5 Bxe5 14.Ne2 Bg4 15.f3 Bd7
16.Bc3 Qe7 17.Bxe5 Qxe5 18.Qd2 Rfe8 19.Rc3 g6 20.Bb1 Bb5 21.Re1 Bxe2 22.Rxe2 d4
23.Rd3 dxe3 24.Rdxe3 Qc5 25.Kf1 Red8 26.Rd3 Rxd3 27.Qxd3 Nd5 28.Qd2 Nc3 29.Re1 b5
30.Qd7 Ra7 31.Qd8+ Kg7 32.Re8 Nxb1 33.Rg8+ Kh6 34.Qh4+ Qh5 35.Qe1 Rd7 36.Qxb1 Qxh2
37.Qc1+ Kh5 38.Qc5+ f5 39.Rh8 Qh1+  0-1

[Event "Voronezh FIDE Open"]
[Site "Voronezh RUS"]
[Date "2011.06.14"]
[Round "3.25"]
[White "Molodchin,Vladimir"]
[Black "Orekhov,N"]
[Result "1-0"]
[WhiteElo "2075"]
[BlackElo "1925"]

1.c4 c6 2.Nf3 d5 3.d4 Nf6 4.Nc3 e6 5.e3 Nbd7 6.cxd5 exd5 7.Bd3 Bd6 8.Qc2 h6
9.Bd2 O-O 10.h3 c5 11.g4 cxd4 12.Nxd4 Nc5 13.Be2 Nfe4 14.h4 Nxd2 15.Qxd2 Ne4
16.Nxe4 dxe4 17.g5 hxg5 18.hxg5 Qxg5 19.O-O-O Qc5+ 20.Kb1 Qb4 21.Qc2 g6 22.Qxe4 Bf5
23.Qxf5  1-0

[Event "ODEM U25-A"]
[Site "Oberhof GER"]
[Date "2011.06.15"]
[Round "6.27"]
[White "Stark,Sve"]
[Black "Garbe,Maximilian"]
[Result "1-0"]
[WhiteElo "1857"]
[BlackElo "1686"]

1.d4 d5 2.c4 e6 3.Nc3 c6 4.e3 Nf6 5.Nf3 Be7 6.Bd3 dxc4 7.Bxc4 b5 8.Bd3 a6
9.O-O Bb7 10.Qe2 O-O 11.Rd1 Qc7 12.a3 c5 13.dxc5 Bxc5 14.Bd2 Nbd7 15.h3 Rfd8
16.e4 Ne5 17.Bf4 Bd6 18.Bxe5 Bxe5 19.Nxe5 Qxe5 20.Bc2 Rac8 21.Rxd8+ Rxd8
22.Rd1 Qc7 23.Rxd8+ Qxd8 24.Qd3 Qxd3 25.Bxd3 Nd7 26.f4 Nc5 27.Bc2 g6 28.e5 Kf8
29.b4 Nd7 30.Kf2 Nb6 31.a4 Nd5 32.Nxd5 Bxd5 33.a5 Ke7 34.g3 Kd7 35.Ke3 Kc7
36.Kd4 Bg2 37.h4 h5 38.Bd1 Bh3 39.Bf3 Bf5 40.Kc5 Bd3 41.Bc6 g5 42.hxg5 Bf5
43.Bf3 Bg6 44.Be2  1-0

[Event "Voronezh Master Open"]
[Site "Voronezh RUS"]
[Date "2011.06.15"]
[Round "4.36"]
[White "Sakhvadze,G"]
[Black "Barsamian,E"]
[Result "0-1"]
[WhiteElo "2070"]
[BlackElo "2239"]

1.Nf3 d5 2.d4 Nf6 3.c4 e6 4.e3 c6 5.Nc3 Bd6 6.Bd3 O-O 7.O-O Nbd7 8.e4 dxe4
9.Nxe4 Nxe4 10.Bxe4 h6 11.b3 e5 12.dxe5 Nxe5 13.Bb2 Qc7 14.Nxe5 Bxe5 15.Bxe5 Qxe5
16.Re1 Qf6 17.Qd2 a5 18.h3 Be6 19.Rad1 Rfd8 20.Qe3 Rxd1 21.Rxd1 Rd8 22.Rxd8+ Qxd8
23.Qa7 b6 24.Qb7 c5 25.Bd5 Qd6 26.f3 g6 27.Kf2 Kg7 28.Bxe6 Qxe6 29.Qc7 h5
30.Kg3 Qf6 31.h4 Qe6 32.Kh2 a4 33.Kg3 a3 34.Kf4 Qf6+ 35.Ke4 Qd4+  0-1

[Event "Voronezh FIDE Open"]
[Site "Voronezh RUS"]
[Date "2011.06.15"]
[Round "4.13"]
[White "Bykov,Alexe2"]
[Black "Sukhareva,E"]
[Result "0-1"]
[WhiteElo "2016"]
[BlackElo "2194"]

1.c4 e6 2.Nc3 d5 3.d4 c6 4.Nf3 Nf6 5.e3 Nbd7 6.a3 Bd6 7.Bd3 O-O 8.O-O Qe7
9.b4 e5 10.dxe5 Nxe5 11.c5 Bc7 12.Bb2 Nxf3+ 13.Qxf3 Ng4 14.h3 Qh4 15.Qe2 Re8
16.Qc2 Ne5 17.Bf5 Be6 18.Ne2 Nc4 19.Bd4 Qh5 20.Ng3 Qh6 21.Bxe6 fxe6 22.f4 Rf8
23.Qc3 Qg6 24.Kh2 Rae8 25.Ne2 h6 26.Kg1 e5 27.fxe5 Rxf1+ 28.Rxf1 Bxe5 29.Nf4 Qe4
30.Bxe5 Qxe5  0-1

[Event "49th National Challengers ch-IND"]
[Site "Aurangabad IND"]
[Date "2011.06.16"]
[Round "1"]
[White "Lahiri,A"]
[Black "Sudhirsana,S"]
[Result "1-0"]
[WhiteElo "2368"]
[BlackElo "1924"]

1.d4 Nf6 2.c4 e6 3.Nf3 d5 4.Nc3 c6 5.e3 Nbd7 6.Bd3 Nb6 7.c5 Nbd7 8.O-O a5
9.e4 dxe4 10.Nxe4 Nxe4 11.Bxe4 Nf6 12.Bc2 b6 13.Ne5 bxc5 14.Nxc6 Qb6 15.Be3 Bd7
16.Ne5 Bb5 17.Ba4 Rd8 18.Qb3 Rb8 19.Rac1 cxd4 20.Bxd4 Qa6 21.Rc6 Qa8 22.Bxb5  1-0

[Event "1st Forni Open"]
[Site "Forni di Sopra ITA"]
[Date "2011.06.16"]
[Round "6"]
[White "Bruno,Fabi"]
[Black "Korneev,O"]
[Result "1/2-1/2"]
[WhiteElo "2459"]
[BlackElo "2573"]

1.Nf3 d5 2.d4 Nf6 3.c4 c6 4.Nc3 e6 5.e3 Nbd7 6.Bd3 dxc4 7.Bxc4 b5 8.Be2 Bb7
9.O-O Be7 10.e4 b4 11.e5 bxc3 12.exf6 Bxf6 13.bxc3 c5 14.dxc5 O-O 15.Rb1 Bd5
16.Be3 Qc7 17.c4 Be4 18.Qd6 Rfc8 19.Rb5 a6 20.Rb6 Nxc5 21.Nd2 Qxd6  1/2-1/2

[Event "DJEM U16"]
[Site "Oberhof GER"]
[Date "2011.06.16"]
[Round "7.3"]
[White "Carow,J"]
[Black "Friedrich,Wi"]
[Result "0-1"]
[WhiteElo "2171"]
[BlackElo "2193"]

1.d4 d5 2.c4 c6 3.e3 Nf6 4.Nc3 e6 5.Nf3 Nbd7 6.Qc2 Bd6 7.g4 Nxg4 8.Rg1 Qf6
9.Rxg4 Qxf3 10.Rxg7 Nf6 11.Bg2 Qh5 12.e4 Qxh2 13.e5 Qg1+ 14.Ke2 Nh5 15.Rxh7 Rxh7
16.Qxh7 Qxg2 17.Qxh5 Be7 18.Qf3 Qxf3+ 19.Kxf3 b6 20.cxd5 exd5 21.Be3 Be6
22.Rg1 Kd7 23.Ne2 c5 24.Ng3 Rg8 25.Ke2 Rg4 26.Rd1 Rxg3 27.fxg3 Bg4+ 28.Ke1 Bxd1
29.Kxd1 cxd4 30.Bf4 Ke6 31.Ke2 Kf5 32.Kd3 Bc5 33.a4 a6 34.b3 b5 35.axb5 axb5
36.Bd2 Kxe5 37.Be1 Kf5 38.Bd2 Ke6 39.Be1 Bb6 40.Bd2 f5 41.Bf4 Bc5 42.Kd2 Bd6
43.Kd3 Be5 44.b4 Bd6 45.Bxd6 Kxd6 46.Kxd4 Ke6 47.Kc5 Ke5 48.Kxb5 d4 49.Ka4 Ke4
50.Kb3 d3 51.b5 Ke3  0-1

[Event "ODEM U25-A"]
[Site "Oberhof GER"]
[Date "2011.06.16"]
[Round "7.13"]
[White "Krause,Jonah"]
[Black "Siebarth,M"]
[Result "1/2-1/2"]
[WhiteElo "1911"]
[BlackElo "2034"]

1.d4 d5 2.c4 c6 3.Nc3 Nf6 4.Nf3 e6 5.e3 Be7 6.Bd3 dxc4 7.Bxc4 b5 8.Bd3 Bb7
9.e4 b4 10.e5 bxc3 11.exf6 Bxf6 12.bxc3 O-O 13.O-O h6 14.Bb1 Be7 15.Qc2 f5
16.Re1 Bc8 17.a4 Bd6 18.Ba2  1/2-1/2

[Event "64th ch-RUS HL"]
[Site "Taganrog RUS"]
[Date "2011.06.16"]
[Round "2"]
[White "Khismatullin,D"]
[Black "Galkin,A"]
[Result "0-1"]
[WhiteElo "2656"]
[BlackElo "2598"]

1.d4 d5 2.c4 e6 3.Nc3 c6 4.e3 Nf6 5.Nf3 a6 6.c5 b6 7.cxb6 Nbd7 8.Bd3 c5 9.b3 cxd4
10.exd4 Bb4 11.Bd2 O-O 12.O-O a5 13.Na4 Nxb6 14.Nc5 Nbd7 15.Qc2 Nxc5 16.dxc5 Qc7
17.a3 Bxd2 18.Nxd2 e5 19.b4 e4 20.Be2 Qe5 21.Nb3 axb4 22.axb4 Rxa1 23.Rxa1 Bg4
24.h3 Bxe2 25.Qxe2 Qc3 26.Qe3 Qxb4 27.c6 Rc8 28.Nd4 Ne8 29.Rc1 g6 30.Ne2 Qb5
31.Nd4 Qb4 32.Nc2 Qb2 33.Nd4 Ra8 34.Kh2 Nc7 35.Rc2 Qb6 36.Qc3 Ra4 37.Nf5 d4
38.Qg3 d3 39.Ne7+ Kf8 40.Nc8 Qd4 41.Rc1 Ne8 42.Qf4 Qd8 43.Qe5 Qxc8 44.Qh8+ Ke7
45.Rc5 f6 46.Qxh7+ Kd6 47.Rc1 d2 48.Rd1 Rd4 49.Qa7 Rd3  0-1

[Event "64th ch-RUS HL"]
[Site "Taganrog RUS"]
[Date "2011.06.16"]
[Round "2"]
[White "Goganov,A"]
[Black "Rublevsky,S"]
[Result "1/2-1/2"]
[WhiteElo "2480"]
[BlackElo "2682"]

1.d4 d5 2.c4 c6 3.Nc3 Nf6 4.e3 e6 5.Nf3 a6 6.b3 Bb4 7.Bd2 Nbd7 8.Bd3 O-O
9.O-O Bd6 10.Rc1 e5 11.cxd5 cxd5 12.e4 dxe4 13.Nxe4 Nxe4 14.Bxe4 exd4 15.Bg5 Nf6
16.Rc4 h6 17.Rxd4 hxg5 18.Rxd6 Qe7 19.Bb1 Bg4 20.Re1 Bxf3 21.Rxe7 Bxd1 22.Rxd1 Rfd8
23.Rde1 b5 24.h3 g6 25.Be4 Nxe4 26.R7xe4 Rac8 27.a4 Rd3 28.Re8+ Rxe8 29.Rxe8+ Kg7
30.Ra8 Rxb3 31.Rxa6 bxa4 32.Rxa4 Rb1+ 33.Kh2 Rb2 34.Kg1 Rb1+ 35.Kh2 Rb2 36.Kg1 Rb1+
37.Kh2  1/2-1/2

[Event "1st Forni Open"]
[Site "Forni di Sopra ITA"]
[Date "2011.06.17"]
[Round "8"]
[White "Gurevich,M"]
[Black "Banusz,T"]
[Result "1/2-1/2"]
[WhiteElo "2617"]
[BlackElo "2555"]

1.d4 d5 2.c4 e6 3.Nc3 c6 4.e3 Nf6 5.Nf3 Nbd7 6.Qc2 Bd6 7.b3 O-O 8.Be2 b6
9.O-O Bb7 10.Rd1 Qe7 11.Bb2 Rfd8 12.Rac1 Rac8 13.Qb1 a6 14.h3 h6 15.Bf1 c5
16.cxd5 exd5 17.Nh4 Qe6 18.Qf5 g5 19.Qxe6 fxe6 20.Nf3 Kf7 21.Be2 Rc7  1/2-1/2

[Event "64th ch-RUS HL"]
[Site "Taganrog RUS"]
[Date "2011.06.17"]
[Round "3"]
[White "Potkin,V"]
[Black "Kornev,Alexei"]
[Result "1-0"]
[WhiteElo "2682"]
[BlackElo "2511"]

1.d4 d5 2.c4 c6 3.Nc3 Nf6 4.e3 e6 5.Nf3 Nbd7 6.Qc2 Bd6 7.Bd3 O-O 8.O-O dxc4
9.Bxc4 a6 10.a4 c5 11.Rd1 cxd4 12.exd4 b6 13.d5 e5 14.h3 Qc7 15.Qe2 Re8 16.Be3 e4
17.Nd4 Ne5 18.Nc6 Nxc6 19.dxc6 Qxc6 20.Nd5 Bc5 21.Rac1 Nxd5 22.Bxd5 Qg6 23.Bxc5 Bxh3
24.Qf1 bxc5 25.Bxa8 Rxa8 26.Rxc5 h5 27.Rdd5 Bg4 28.Qc1 f6 29.Kh2 Rb8 30.Rd4 f5
31.b4 Qf6 32.Qd2 Re8 33.Rd6 Qh4+ 34.Kg1 Kh7 35.Rc7 e3 36.fxe3 f4 37.Qc2+ Kh8
38.Rh6+  1-0

[Event "64th ch-RUS HL"]
[Site "Taganrog RUS"]
[Date "2011.06.17"]
[Round "3"]
[White "Grachev,B"]
[Black "Papin,V"]
[Result "1/2-1/2"]
[WhiteElo "2669"]
[BlackElo "2565"]

1.c4 e6 2.Nc3 d5 3.d4 c6 4.e3 Nf6 5.Nf3 a6 6.b3 Bb4 7.Bd2 Nbd7 8.g3 O-O 9.Bg2 Re8
10.O-O Bd6 11.Nh4 b6 12.e4 Nxe4 13.Nxe4 dxe4 14.Bxe4 Bb7 15.Qc2 h6 16.Be3 Be7
17.Ng2 Qc7 18.c5 Nf6 19.Bf4 Qd8 20.Rfd1 Nxe4 21.Qxe4 Qd5 22.Qxd5 cxd5 23.cxb6 Bd8
24.Bc7 Bxc7 25.bxc7 Rac8 26.Rac1 Re7 27.Rc5 Rexc7 28.b4 f6 29.Nf4 Rxc5 30.bxc5 e5
31.Rb1 Ba8 32.dxe5 fxe5 33.Ng6 Kh7 34.Nxe5 Rxc5 35.Rb8 d4 36.Nd3 Rc3 37.Rxa8 Rxd3
38.Rxa6 Rd1+ 39.Kg2 d3 40.Kf3 Re1 41.Rd6 Ra1 42.Rxd3 Rxa2 43.g4 Ra5 44.h4 h5
45.g5 Ra4 46.Kg3 Rg4+ 47.Kh3 Kg6 48.f3 Rg1 49.Kh2 Ra1 50.Rd5 Rb1 51.Kg3 Ra1
52.Re5 Rh1 53.Re7 Ra1 54.Kf4 Rh1 55.Kg3 Ra1 56.Re4 Kf5 57.Rf4+ Kg6 58.Rb4 Kf5
59.Rb5+ Kg6 60.Re5 Rh1 61.f4 Rf1 62.Re6+ Kf5 63.Re5+ Kg6 64.Rd5 Rg1+ 65.Kf3 Rg4
66.Ke4 Rxh4 67.Rd6+ Kf7 68.Kf5 g6+ 69.Ke5 Rg4 70.Rd7+ Kg8 71.Rd4 Kf7 72.Rd7+ Kg8
73.Ra7 Rh4 74.f5 Rb4 75.f6 Kf8 76.Ra8+ Kf7 77.Ra7+ Kf8 78.Rh7 Rb1 79.Rh8+ Kf7
80.Rh7+ Kf8 81.Rg7 Rb5+ 82.Ke6 Rb6+ 83.Kd5 Rb5+ 84.Kd6 Rxg5 85.Ke6 Rg1 86.Rf7+ Ke8
87.Re7+ Kf8 88.Rf7+ Ke8 89.Re7+  1/2-1/2

[Event "64th ch-RUS HL"]
[Site "Taganrog RUS"]
[Date "2011.06.17"]
[Round "3"]
[White "Kurnosov,I"]
[Black "Sjugirov,S"]
[Result "0-1"]
[WhiteElo "2633"]
[BlackElo "2629"]

1.c4 e6 2.d4 Nf6 3.Nf3 d5 4.Nc3 c6 5.e3 Nbd7 6.Qc2 Bd6 7.Bd3 O-O 8.O-O dxc4
9.Bxc4 b5 10.Bd3 Bb7 11.a3 h6 12.h3 Re8 13.Bd2 a5 14.Ne2 e5 15.Ng3 exd4 16.exd4 c5
17.Nf5 Bf8 18.Bxb5 Be4 19.Bd3 Bxf3 20.gxf3 cxd4 21.Bf4 Nh5 22.Bh2 g6 23.Nxd4 Ne5
24.f4 Nxf4 25.Bxf4 Qxd4 26.Be4 Rac8 27.Rad1 Nf3+ 28.Bxf3 Qxf4 29.Qd3 Rcd8
30.Bd5 Re5 31.Qxg6+ Kh8 32.Qxf7 Qg5+ 33.Kh2 Rexd5 34.Rxd5 Qxd5 35.Qxd5 Rxd5
36.Re1 Rd2 37.Kg2 Rxb2 38.Re5 a4 39.Ra5 Bxa3 40.Rxa4 Bc5 41.Rf4 Kg7 42.Rf5 Bd4
43.Rf4 Bf6 44.Rf3 Kf7 45.Rf4 Ke6 46.Ra4 Bd8 47.Rf4 Bb6 48.Rf3 Bd4 49.Rf4 Kd5
50.Rf8 Rb6 51.Kf3 Rg6 52.Rf4 Be5 53.Rf8 Ke6 54.Re8+ Kf5 55.Ra8 Rf6 56.Ra4 Bc7
57.Kg2 Bb6 58.Ra2 Ke4 59.Re2+ Kd3 60.Ra2 Bd4 61.Kf1 Ke4 62.Kg2 Rg6+ 63.Kf1 Rf6
64.Kg2 Kd3 65.Kf1 Rb6 66.Kg2 Bb2 67.Kf1 Kc2 68.Ra4 Rf6 69.Re4 Bc1 70.Ke2 Kc3
71.Re8 Bf4 72.Re4 Bd2 73.Re8 Kc2 74.Re4 Bg5 75.Rc4+ Kb3 76.Rd4 Re6+ 77.Kf1 Kc3
78.Ra4 Bc1 79.Ra7 Rf6 80.Rc7+ Kb2 81.Rb7+ Kc2 82.Rc7+ Kb1 83.Ke2 Bb2 84.Rc4 Rf5
85.Kf1 Ba3 86.Re4 Bc5 87.Re2 Kc1 88.Kg2 Bd4 89.Kf1 h5 90.Re1+ Kc2 91.Re2+ Kb3
92.Rd2 Kc3 93.Ra2 Bc5 94.Kg2 Kd3 95.Rb2 Bd4 96.Ra2 Rb5 97.Kf3 Bb2 98.Ra4 Rg5
99.Kf4 Bc1+ 100.Kf3 Kd2 101.Ra2+ Ke1 102.Ra1 Rf5+ 103.Kg2 Rg5+ 104.Kf3 Rc5
105.Kg3 Ke2 106.f4 Bd2 107.Ra8 Rf5 108.Ra4 Be1+ 109.Kg2 Bd2 110.Re4+ Be3
111.Re5 Rxf4 112.Rxh5 Rf1 113.h4 Rg1+ 114.Kh2 Rg4 115.Rf5 Bf4+ 116.Kh3 Rg3+
117.Kh2 Kf3 118.Kh1 Rh3+ 119.Kg1 Rxh4 120.Rf8 Rh6 121.Rf7 Rc6  0-1

[Event "49th National Challengers ch-IND"]
[Site "Aurangabad IND"]
[Date "2011.06.18"]
[Round "5"]
[White "Krishna,CRG"]
[Black "Haribalu,V"]
[Result "1-0"]
[WhiteElo "2322"]
[BlackElo "2215"]

1.d4 d5 2.Nf3 Nf6 3.c4 c6 4.e3 e6 5.Nc3 Nbd7 6.Bd3 dxc4 7.Bxc4 b5 8.Bd3 a6
9.O-O c5 10.Qe2 Be7 11.Rd1 Qb6 12.Bc2 Bb7 13.e4 Rd8 14.e5 Ng4 15.d5 b4 16.d6 Bf8
17.Ne4 Ngxe5 18.Nxe5 Nxe5 19.Bg5 f6 20.Bxf6 gxf6 21.Qh5+ Ng6 22.Nxf6+ Kf7
23.Nxh7 Rg8 24.Qg5 Rg7 25.Qf6+ Kg8 26.Ng5 Rxd6 27.Bxg6 e5 28.Bf7+ Kh8 29.Ne6 Rxe6
30.Bxe6 Be7 31.Qh6+ Rh7 32.Qg6 Rg7 33.Qe8+  1-0

[Event "64th ch-RUS HL"]
[Site "Taganrog RUS"]
[Date "2011.06.18"]
[Round "4"]
[White "Chadaev,N"]
[Black "Rublevsky,S"]
[Result "1/2-1/2"]
[WhiteElo "2577"]
[BlackElo "2682"]

1.d4 d5 2.c4 c6 3.Nc3 Nf6 4.e3 e6 5.Nf3 a6 6.b3 Bb4 7.Bd2 Nbd7 8.Bd3 O-O
9.O-O Bd6 10.Re1 h6 11.Rc1 e5 12.cxd5 cxd5 13.e4 dxe4 14.Nxe4 Nxe4 15.Bxe4 exd4
16.Nxd4 Nf6 17.Bf3 Bxh2+ 18.Kxh2 Qxd4 19.Rc4 Qd6+ 20.Bf4 Qxd1 21.Rxd1 Bg4
22.Bxg4 Nxg4+ 23.Kg3 f5 24.Rc7 g5 25.Bc1 Rf7 26.Rxf7 Kxf7 27.Rd7+ Kg6 28.f3 Ne5
29.Rd6+ Kh5 30.Rd5 Re8 31.f4 Ng6 32.fxg5 Rc8 33.Bd2 f4+ 34.Kh3 hxg5 35.g3 Rf8
36.Rd7 Ne5 37.Rd5 Ng6 38.Rd7 Ne5 39.Rd5 Ng6 40.Rd7  1/2-1/2

[Event "Voronezh Master Open"]
[Site "Voronezh RUS"]
[Date "2011.06.18"]
[Round "6.27"]
[White "Demianjuk,A"]
[Black "Duzhakov,I"]
[Result "0-1"]
[WhiteElo "2312"]
[BlackElo "2347"]

1.d4 d5 2.c4 c6 3.Nf3 Nf6 4.Nc3 e6 5.e3 Nbd7 6.Qc2 Bd6 7.Bd3 O-O 8.O-O dxc4
9.Bxc4 a6 10.Rd1 b5 11.Bd3 Qc7 12.Bd2 Bb7 13.b4 a5 14.a3 axb4 15.axb4 e5
16.h3 Rfe8 17.Ng5 h6 18.Nge4 exd4 19.exd4 Rxa1 20.Rxa1 Bxb4 21.Nxb5 Qb8 22.Nxf6+ Nxf6
23.Bxb4 cxb5 24.Bxb5 Rc8 25.Qe2 Nd5 26.Bd2 Qd6 27.Rc1 Rd8 28.Qe5 Qg6 29.f3 Qb6
30.Rc5 Nf6 31.Be3 Bd5 32.Qc7 Qxc7 33.Rxc7 Bxf3 34.Bxh6 Bxg2 35.Bxg7 Kxg7
36.Kxg2 Rxd4 37.Bc4 Nd7 38.Kg3 Ne5 39.Bxf7 Nxf7 40.h4 Kf6 41.h5 Nd6 42.h6 Nf5+
43.Kf3 Nxh6 44.Ra7 Nf5 45.Ra8 Nd6 46.Ke3 Rb4 47.Kd3 Ke5 48.Ra5+ Nb5 49.Ra8 Rd4+
50.Ke3 Nc7  0-1